<?xml version="1.0" encoding="UTF-8"?>
<collection xmlns="http://www.loc.gov/MARC21/slim">
 <record>
  <leader>02918nam a22002171a 4500</leader>
  <controlfield tag="001">1/30738</controlfield>
  <controlfield tag="008">060915s2000    lu     f      00010 gre d</controlfield>
  <datafield tag="022" ind1="0" ind2=" ">
   <subfield code="a">0254-1483</subfield>
  </datafield>
  <datafield tag="028" ind1="3" ind2="1">
   <subfield code="a">2000/0302 (ACC)</subfield>
  </datafield>
  <datafield tag="028" ind1="3" ind2="1">
   <subfield code="a">2000/0303 (ACC)</subfield>
  </datafield>
  <datafield tag="028" ind1="3" ind2="1">
   <subfield code="a">KT-CO-00-725-GR-C</subfield>
  </datafield>
  <datafield tag="035" ind1=" " ind2=" ">
   <subfield code="l">32942</subfield>
  </datafield>
  <datafield tag="040" ind1=" " ind2=" ">
   <subfield code="a">GR-PeUP</subfield>
  </datafield>
  <datafield tag="084" ind1=" " ind2=" ">
   <subfield code="2">KET</subfield>
   <subfield code="a">COM (2000) 741 τελικό</subfield>
  </datafield>
  <datafield tag="110" ind1="2" ind2=" ">
   <subfield code="a">Επιτροπή των Ευρωπαϊκών Κοινοτήτων.</subfield>
  </datafield>
  <datafield tag="245" ind1="1" ind2="0">
   <subfield code="a">Πρόταση Απόφασης του Συμβουλίου για την υπογραφή, εξ ονόματος της Κοινότητας, πρόσθετου πρωτοκόλλου της ευρωπαϊκής συμφωνίας για την εγκαθίδρυση σύνδεσης μεταξύ των Ευρωπαϊκών Κοινοτήτων και των κρατών μελών τους, αφενός, και της Δημοκρατίας της Ουγγαρίας, αφετέρου, σχετικά με τη διαπίστωση της συμμόρφωσης και την αποδοχή βιομηχανικών προϊόντων. Πρόταση Απόφασης του Συμβουλίου για τη σύναψη πρόσθετου πρωτοκόλλου της ευρωπαϊκής συμφωνίας για την εγκαθίδρυση σύνδεσης μεταξύ των Ευρωπαϊκών Κοινοτήτων και των κρατών μελών τους, αφενός, και της Ουγγαρίας, αφετέρου, σχετικά με τη διαπίστωση της συμμόρφωσης και την αποδοχή βιομηχανικών προϊόντων:</subfield>
   <subfield code="b">υποβληθείσες από την Επιτροπή/</subfield>
   <subfield code="c">Επιτροπή των Ευρωπαϊκών Κοινοτήτων</subfield>
  </datafield>
  <datafield tag="246" ind1="1" ind2="0">
   <subfield code="a">Πρόταση Απόφασης του Συμβουλίου για τη σύναψη πρόσθετου πρωτοκόλλου της ευρωπαϊκής συμφωνίας για την εγκαθίδρυση σύνδεσης μεταξύ των Ευρωπαϊκών Κοινοτήτων και των κρατών μελών τους, αφενός, και της Ουγγαρίας, αφετέρου, σχετικά με τη διαπίστωση της συμμόρφωσης και την αποδοχή βιομηχανικών προϊόντων.</subfield>
  </datafield>
  <datafield tag="260" ind1="0" ind2=" ">
   <subfield code="a">Βρυξέλλες, Λουξεμβούργο:</subfield>
   <subfield code="b">Υπηρεσία Επισήμων Εκδόσεων των Ευρωπαϊκών Κοινοτήτων,</subfield>
   <subfield code="c">30.11.2000</subfield>
  </datafield>
  <datafield tag="300" ind1=" " ind2=" ">
   <subfield code="a">71 σ.</subfield>
  </datafield>
  <datafield tag="852" ind1=" " ind2=" ">
   <subfield code="a">INST</subfield>
   <subfield code="b">UNIPILB</subfield>
   <subfield code="c">KET</subfield>
   <subfield code="e">20060915</subfield>
   <subfield code="h">COM (2000) 741</subfield>
   <subfield code="p">COM (2000) 741</subfield>
   <subfield code="q">COM (2000) 741</subfield>
   <subfield code="t">NOLOAN</subfield>
   <subfield code="y">23</subfield>
   <subfield code="4">1</subfield>
  </datafield>
  <datafield tag="856" ind1="4" ind2="1">
   <subfield code="u">http://eur-lex.europa.eu/LexUriServ/LexUriServ.do?uri=COM:2000:0741:FIN:EL:PDF</subfield>
  </datafield>
 </record>
</collection>
